| 000 | 01154cam a2200373 a 4500 | ||
|---|---|---|---|
| 001 | 47407 | ||
| 005 | 20230410101628.0 | ||
| 008 | 840531s1982 quca b 000 0 fre | ||
| 035 | _a(OCoLC)ocm15958147 | ||
| 040 |
_aNLC _bfre _cNLC |
||
| 016 | _a840078994 | ||
| 020 | _a298000331X | ||
| 020 | _a9782980003318 | ||
| 029 | 0 |
_aNLC _b840078994 |
|
| 035 | _a(OCoLC)15958147 | ||
| 043 | _anwht--- | ||
| 045 | _aw0w0 | ||
| 050 | 1 | 4 |
_a110 CR 115 _bA923p 1982 |
| 082 | 0 | 0 | _a929.9/2/097294 |
| 100 | 1 |
_aAuguste, Claude Bonaparte, _d1935- |
|
| 245 | 1 | 0 |
_aPour le drapeau : _bcontribution á la recherche sur les couleurs haitiennes / _cClaude B. Auguste, Marcel B. Auguste. |
| 260 |
_a[Québec] : _bC.B. Auguste, _c1982. |
||
| 300 |
_a100 p. : _bill. ; _c23 cm. |
||
| 504 | _aBibliographie: p. 85. | ||
| 650 | 0 |
_aFlags _zHaiti _xHistory. |
|
| 650 | 6 |
_aDrapeaux _zHaíti _xHistoire. |
|
| 650 | 4 | _aCEH | |
| 650 | 4 | _aColección Estudios Haitianos | |
| 651 | 6 |
_aHaiti _xHistoire _y1791-1804 (Révolution) |
|
| 651 | 0 |
_aHaiti _xHistory _yRevolution, 1791-1804. |
|
| 700 | 1 |
_aAuguste, Marcel Bonaparte, _d1931- |
|
| 942 |
_2lcc _cbk |
||
| 994 |
_aC0 _bDRFGD |
||
| 999 |
_c11221 _d11221 |
||